| 000 | 00518nam a2200193Ia 4500 | ||
|---|---|---|---|
| 003 | OSt | ||
| 005 | 20250603154641.0 | ||
| 008 | 210210b1985 xxu||||| |||| 00| 0 eng d | ||
| 040 | _cAL | ||
| 041 | _aKannada | ||
| 082 | _aK894.3 SHRK | ||
| 100 |
_aSHRIDEVI (K) _d ಶ್ರೀದೇವಿ (ಕೆ) _9212650 |
||
| 245 |
_aKalyana patha _bಕಲ್ಯಾಣ ಪಥ |
||
| 260 |
_aMaisuru _bShri Prashanta Prakashana _c1985 |
||
| 300 | _a148 | ||
| 690 |
_aKannada Fiction _9212651 |
||
| 906 | _a038890 | ||
| 942 |
_2ddc _cBK |
||
| 999 |
_c88744 _d88744 |
||